AF Things Quiz Stats

 Plays Quiz Updated Jun 21, 2017

Also try: SI Things
Challenge
Share
Tweet
Embed
Score 0/20 Timer 07:00
0 Plays Today
Clue Famous A.F. % Correct
Phrase uttered when playing a prank on another person on the 1st day of the 4th month of the year.April Fools
98.5%
Originally written in Dutch, her diary started in 1942 has been published in over 60 languages.Anne Frank
85.6%
A fungal infection or sports shoe store. Athlete's Foot
84.1%
The Queen of Soul who has earned our respect. Do we have to spell it out?Aretha Franklin
82%
A pig called Napoleon is the lead character in this George Orwell novel.Animal Farm
76.5%
Henry Winkler wore a leather jacket he used in 'The Lords Of Flatbush' when he played this 'Happy Days' character.Arthur Fonzarelli
65.2%
Director/screenwriter Cameron Crowe's semi-autobiographic film of a teenager who writes for Rolling Stone magazine.Almost Famous
52.3%
When a woman says 'my water broke', the water is actually this.Amniotic fluid
49.6%
Before playing the lead in 'Ugly Betty', she was in 'The Sisterhood Of the Traveling Pants'America Ferrera
49.1%
Former SNL cast member who became Minnesota's junior Senator by a 312 vote margin.Al Franken
45.5%
Clue Famous A.F. % Correct
One of only two carriers to use the Concorde, they retired them in 2003.Air France
42.3%
Eddie Murphy's character in the 'Beverly Hills Cop' series. His theme song was a hit for Harold Faltermeyer and Crazy Frog.Axel Foley
35%
Star of the 'Scary Movie' franchise.Anna Faris
30.9%
Scottish biologist who won the Nobel Prize for his discovery of penicillin.Alexander Fleming
23.9%
Dubbed 'The Long Island Lolita', she was the subject of 3 different Made-for-TV movies in early 1990s.Amy Fisher
21.3%
His 5 Oscar nominations include roles in 'Tom Jones', 'Murder On The Orient Express' and 'Erin Brockovich'Albert Finney
20.2%
Title character of an Eoin Colfer novel, he is an Irish teenager and a criminal mastermind.Artemis Fowl
17.7%
Former Manager of Manchester United.Sir Alexander Ferguson
17%
The original lead guitarist for the rock band KISS, known for his 'Smokin Guitar Trick'Ace Frehley
15.4%
Denzel Washington's 2002 directorial debut.Antwone Fisher
6.5%

You're not logged in!

Compare scores with friends on all Sporcle quizzes.
Join for Free
OR
Log In

You Might Also Like...

Show Comments

Extras

Top Quizzes Today


Score Distribution

Your Account Isn't Verified!

In order to create a playlist on Sporcle, you need to verify the email address you used during registration. Go to your Sporcle Settings to finish the process.

Report this User

Report this user for behavior that violates our Community Guidelines.

Details: